| 000 | 00772nam a2200193Ii 4500 | ||
|---|---|---|---|
| 003 | JO-AjNU | ||
| 008 | 230605s9999||||xx |||||||||||||| ||und|| | ||
| 040 |
_aJO-AjNU _bara _erda _cJO-AjNU |
||
| 041 | _aara | ||
| 050 | 1 | 4 | _aGV511.H3448 |
| 100 | 3 |
_a حجر، سليمان أحمد، م.مشارك عبد الفتاح، أبو العلا أحمد، م.مشارك الجبالى، عويس علي, _eauthor _921040 |
|
| 245 | 0 | 0 | _aالعاب القوى : الأسس العلمية والعملية التطبيقية |
| 264 | 3 | 1 | _aد.م: المؤلفين |
| 300 |
_a272ص _bصور توضبحية |
||
| 336 |
_atext _btxt _2rdacontent |
||
| 337 |
_aunmediated _bn _2rdamedia |
||
| 338 |
_avolume _bnc _2rdacarrier |
||
| 650 | 4 |
_aالعاب القوى - السباقات _921041 |
|
| 999 |
_aA7243 _c10811 _d10811 |
||